000 00813nam a2200241Ia 4500
003 OSt
005 20220923212532.0
006 a|||||r|||| 00| 0
007 ta
008 220922b |||||||| |||| 00| 0 hin d
024 _a153,891
037 _cTextual
040 _aARTS
_cARTS
_bhin
041 _2hin
_ahin
082 _aO152vN3, J5
100 _aद्विवेदी, हजारी प्रसाद
245 0 _aहिन्दी साहित्य
_b उसका उद्भव और विकास
246 _aHindī sāhitya: usakā udbhav aur vikāsa
260 _c1955
650 _aहिन्दी साहित्य
_9156264
942 _hO152vN3, J5
_cTEXL
_2CC
999 _c309519
_d309519